Harry Potter - choix multiples - Statistiques

Statistiques générales
  • Ce quiz a été pris 224 fois
  • Le résultat moyen est 123 sur 162
Statistiques - réponses
Question Tuile Select % Correct
Qui est fils/fille unique ? Ron Weasley Non
99%
Qui est fils/fille unique ? Harry Potter Oui
97%
Qui est fils/fille unique ? Albus Dumbledore Non
96%
Qui a été à Gryffondor ? Drago Malefoy Non
96%
Qui apparaît dans les 7 premier LIVRES ? Harry Potter Oui
96%
Qui a été à Gryffondor ? Harry Potter Oui
96%
Qui a été à Gryffondor ? Lord Voldemort Non
96%
Qui a été à Gryffondor ? Severus Rogue Non
96%
Qui a été directeur de Poudlard ? Albus Dumbledore Oui
95%
Qui a été directeur de Poudlard ? Drago Malefoy Non
95%
Qui a été à Gryffondor ? Hermione Granger Oui
95%
Qui a été à Gryffondor ? Ron Weasley Oui
95%
Qui a été directeur de Poudlard ? Ron Weasley Non
95%
Qui a été directeur de Poudlard ? Rubeus Hagrid Non
95%
Qui est encore vivant à la fin de la bataille de Poudlard ? Albus Dumbledore Non
94%
Qui est encore vivant à la fin de la bataille de Poudlard ? Harry Potter Oui
94%
Qui a été directeur de Poudlard ? Hermione Granger Non
94%
Qui apparaît dans les 7 premier LIVRES ? Ron Weasley Oui
94%
Qui a été directeur de Poudlard ? Sirius Black Non
94%
Qui a été directeur de Poudlard ? Harry Potter Non
93%
Qui apparaît dans les 7 premier LIVRES ? Hermione Granger Oui
93%
Qui est encore vivant à la fin de la bataille de Poudlard ? Hermione Granger Oui
93%
Qui a été directeur de Poudlard ? Lord Voldemort Non
93%
Qui a été joué par aux moins 2 acteurs ( sans la pièce de théâtre ) ? Ron Weasley Non
93%
Qui est encore vivant à la fin de la bataille de Poudlard ? Ron Weasley Oui
93%
Qui a détruit un horcruxe ? Rubeus Hagrid Non
93%
Qui a détruit un horcruxe ? Rubeus Hagrid Non
93%
Qui est encore vivant à la fin de la bataille de Poudlard ? Severus Rogue Non
93%
Qui est encore vivant à la fin de la bataille de Poudlard ? Sirius Black Non
93%
Qui a été joué par aux moins 2 acteurs ( sans la pièce de théâtre ) ? Drago Malefoy Non
92%
Qui est encore vivant à la fin de la bataille de Poudlard ? Drago Malefoy Oui
92%
Qui a détruit un horcruxe ? Drago Malefoy Non
92%
Qui a détruit un horcruxe ? Harry Potter Oui
92%
Qui est fils/fille unique ? Hermione Granger Oui
92%
Qui a été joué par aux moins 2 acteurs ( sans la pièce de théâtre ) ? Hermione Granger Non
92%
Qui est encore vivant à la fin de la bataille de Poudlard ? Lord Voldemort Non
92%
Qui a tué au moins une personne ? Rubeus Hagrid Non
92%
Qui est fils/fille unique ? Sirius Black Non
92%
Qui apparaît dans les 7 premier LIVRES ? Drago Malefoy Oui
91%
Qui a possédé au moins une des trois reliques de la mort ? Harry Potter Oui
91%
Qui a tué au moins une personne ? Lord Voldemort Oui
91%
Qui a détruit un horcruxe ? Severus Rogue Non
91%
Qui a été maître de la baguette de sureau ? Ron Weasley Non
90%
Qui a possédé au moins une des trois reliques de la mort ? Rubeus Hagrid Non
90%
Qui est encore vivant à la fin de la bataille de Poudlard ? Rubeus Hagrid Oui
90%
Qui est fils/fille unique ? Drago Malefoy Oui
89%
Qui a possédé au moins une des trois reliques de la mort ? Hermione Granger Non
89%
Qui a été maître de la baguette de sureau ? Hermione Granger Non
89%
Qui est membre de l'ordre du Phénix ? Lord Voldemort Non
89%
Qui est membre de l'armée de Dumbledore ? Lord Voldemort Non
89%
Qui a été maître de la baguette de sureau ? Rubeus Hagrid Non
89%
Qui a été maître de la baguette de sureau ? Sirius Black Non
89%
Qui est membre de l'ordre du Phénix ? Drago Malefoy Non
88%
Qui est membre de l'armée de Dumbledore ? Drago Malefoy Non
88%
Qui a eu au moins un animal de compagnie entre la Première année de Harry et la bataille de Poudlard ? Severus Rogue Non
88%
Qui a possédé au moins une des trois reliques de la mort ? Sirius Black Non
88%
Qui a possédé au moins une des trois reliques de la mort ? Albus Dumbledore Oui
87%
Qui est membre de l'armée de Dumbledore ? Harry Potter Oui
87%
Qui a eu au moins un animal de compagnie entre la Première année de Harry et la bataille de Poudlard ? Harry Potter Oui
87%
Qui est un sorcier ? Harry Potter Oui
87%
Qui a 2 parents sorciers ? Hermione Granger Non
87%
Qui a possédé au moins une des trois reliques de la mort ? Ron Weasley Non
87%
Qui a 2 parents sorciers ? Ron Weasley Oui
87%
Qui a été à Gryffondor ? Albus Dumbledore Oui
86%
Qui a 2 parents sorciers ? Drago Malefoy Oui
86%
Qui a eu au moins un animal de compagnie entre la Première année de Harry et la bataille de Poudlard ? Ron Weasley Oui
86%
Qui apparaît dans les 7 premier LIVRES ? Rubeus Hagrid Oui
86%
Qui apparaît dans les 7 premier LIVRES ? Severus Rogue Oui
86%
Qui a été élève de Slughorn ? Albus Dumbledore Non
85%
Qui est un sorcier ? Drago Malefoy Oui
85%
Qui est fils/fille unique ? Lord Voldemort Oui
85%
Qui est un sorcier ? Ron Weasley Oui
85%
Qui est membre de l'armée de Dumbledore ? Severus Rogue Non
85%
Qui est un sorcier ? Severus Rogue Oui
85%
Qui est un sorcier ? Albus Dumbledore Oui
84%
Qui est membre de l'armée de Dumbledore ? Hermione Granger Oui
84%
Qui a eu au moins un animal de compagnie entre la Première année de Harry et la bataille de Poudlard ? Hermione Granger Oui
84%
Qui est un sorcier ? Lord Voldemort Oui
84%
Qui est membre de l'armée de Dumbledore ? Ron Weasley Oui
84%
Qui a été joué par aux moins 2 acteurs ( sans la pièce de théâtre ) ? Albus Dumbledore Oui
83%
Qui a entendu la prophétie ? Drago Malefoy Non
83%
Qui a été directeur de Poudlard ? Severus Rogue Oui
83%
Qui a tué au moins une personne ? Severus Rogue Oui
83%
Qui est un sorcier ? Sirius Black Oui
83%
De qui ne connait t'on pas le patronus ? Harry Potter Non
82%
Qui a détruit un horcruxe ? Ron Weasley Oui
82%
Qui est fils/fille unique ? Severus Rogue Oui
82%
Qui est un sorcier ? Hermione Granger Oui
81%
Qui a entendu la prophétie ? Rubeus Hagrid Non
81%
Qui a été maître de la baguette de sureau ? Albus Dumbledore Oui
80%
De qui ne connait t'on pas le patronus ? Hermione Granger Non
80%
Qui a tué au moins une personne ? Ron Weasley Non
80%
De qui ne connait t'on pas le patronus ? Ron Weasley Non
80%
Qui est membre de l'ordre du Phénix ? Sirius Black Oui
79%
Qui est membre de l'ordre du Phénix ? Albus Dumbledore Oui
78%
Qui a été élève de Slughorn ? Harry Potter Oui
78%
Qui a tué au moins une personne ? Hermione Granger Non
78%
Qui a possédé au moins une des trois reliques de la mort ? Lord Voldemort Oui
78%
Qui a tué au moins une personne ? Drago Malefoy Non
77%
Qui a été maître de la baguette de sureau ? Harry Potter Oui
77%
Qui a 2 parents sorciers ? Rubeus Hagrid Non
77%
De qui ne connait t'on pas le patronus ? Severus Rogue Non
77%
Qui a été à Gryffondor ? Sirius Black Oui
77%
Qui est membre de l'armée de Dumbledore ? Sirius Black Non
77%
Qui est membre de l'armée de Dumbledore ? Rubeus Hagrid Non
75%
Qui a possédé au moins une des trois reliques de la mort ? Severus Rogue Non
75%
Qui a 2 parents sorciers ? Sirius Black Oui
75%
De qui ne connait t'on pas le patronus ? Rubeus Hagrid Oui
74%
Qui est membre de l'armée de Dumbledore ? Albus Dumbledore Non
72%
Qui a entendu la prophétie ? Harry Potter Oui
72%
Qui a 2 parents sorciers ? Lord Voldemort Non
72%
Qui a entendu la prophétie ? Sirius Black Non
72%
Qui a détruit un horcruxe ? Albus Dumbledore Oui
71%
Qui a été élève de Slughorn ? Hermione Granger Oui
71%
Qui est fils/fille unique ? Rubeus Hagrid Non
71%
Qui a eu au moins un animal de compagnie entre la Première année de Harry et la bataille de Poudlard ? Rubeus Hagrid Oui
71%
Qui a détruit un horcruxe ? Hermione Granger Oui
69%
Qui a eu au moins un animal de compagnie entre la Première année de Harry et la bataille de Poudlard ? Sirius Black Non
69%
Qui apparaît dans les 7 premier LIVRES ? Albus Dumbledore Oui
68%
Qui a tué au moins une personne ? Harry Potter Oui
68%
Qui a été à Gryffondor ? Rubeus Hagrid Oui
68%
Qui a été maître de la baguette de sureau ? Severus Rogue Non
68%
Qui apparaît dans les 7 premier LIVRES ? Sirius Black Non
68%
De qui ne connait t'on pas le patronus ? Albus Dumbledore Non
66%
Qui a été maître de la baguette de sureau ? Drago Malefoy Oui
66%
Qui a entendu la prophétie ? Hermione Granger Non
66%
Qui a entendu la prophétie ? Ron Weasley Non
66%
De qui ne connait t'on pas le patronus ? Lord Voldemort Oui
65%
Qui a 2 parents sorciers ? Harry Potter Oui
64%
Qui a eu au moins un animal de compagnie entre la Première année de Harry et la bataille de Poudlard ? Albus Dumbledore Oui
63%
De qui ne connait t'on pas le patronus ? Drago Malefoy Oui
63%
Qui est un sorcier ? Rubeus Hagrid Oui
63%
Qui a 2 parents sorciers ? Albus Dumbledore Oui
62%
Qui a été élève de Slughorn ? Ron Weasley Oui
62%
Qui a été joué par aux moins 2 acteurs ( sans la pièce de théâtre ) ? Lord Voldemort Oui
61%
Qui a entendu la prophétie ? Albus Dumbledore Oui
59%
Qui a été élève de Slughorn ? Drago Malefoy Oui
59%
Qui a 2 parents sorciers ? Severus Rogue Non
59%
Qui a tué au moins une personne ? Sirius Black Non
59%
Qui a été maître de la baguette de sureau ? Lord Voldemort Non
58%
Qui est membre de l'ordre du Phénix ? Severus Rogue Oui
56%
Qui a possédé au moins une des trois reliques de la mort ? Drago Malefoy Non
55%
Qui est membre de l'ordre du Phénix ? Rubeus Hagrid Oui
55%
Qui a été élève de Slughorn ? Lord Voldemort Oui
54%
Qui a tué au moins une personne ? Albus Dumbledore Non
52%
Qui a eu au moins un animal de compagnie entre la Première année de Harry et la bataille de Poudlard ? Lord Voldemort Oui
47%
Qui a entendu la prophétie ? Lord Voldemort Non
44%
Qui a détruit un horcruxe ? Lord Voldemort Oui
43%
Qui a entendu la prophétie ? Severus Rogue Oui
42%
Qui apparaît dans les 7 premier LIVRES ? Lord Voldemort Non
35%
Qui a été élève de Slughorn ? Severus Rogue Oui
31%
De qui ne connait t'on pas le patronus ? Sirius Black Oui
31%
Qui a été élève de Slughorn ? Sirius Black Oui
27%
Qui est membre de l'ordre du Phénix ? Hermione Granger Non
24%
Qui est membre de l'ordre du Phénix ? Ron Weasley Non
24%
Qui a eu au moins un animal de compagnie entre la Première année de Harry et la bataille de Poudlard ? Drago Malefoy Oui
23%
Qui est membre de l'ordre du Phénix ? Harry Potter Non
23%
Qui a été joué par aux moins 2 acteurs ( sans la pièce de théâtre ) ? Severus Rogue Oui
20%
Qui a été joué par aux moins 2 acteurs ( sans la pièce de théâtre ) ? Harry Potter Oui
18%
Qui a été joué par aux moins 2 acteurs ( sans la pièce de théâtre ) ? Rubeus Hagrid Oui
14%
Qui a été joué par aux moins 2 acteurs ( sans la pièce de théâtre ) ? Sirius Black Oui
12%
Qui a été élève de Slughorn ? Rubeus Hagrid Oui
10%
Aucun quiz correspondant
Distribution des résultats
% des personnes avec chaque résultat
Percentile par nombre de réponses
Votre historique - résultats
Vous n’avez pas pris ce quiz